Živý ruženec na česť Matky Božej Panny Marie a k spaseniu veriacich

Podrobná bibliografia
Ďalší autori: Osvald, František Richard, 1845-1926 (Zostavovateľ, kompilátor)
Médium: Kniha
Jazyk:slovenčina
Fyzický popis:113 s. ilustr. 16 cm
Vydavateľské údaje: Trnava Spolok sv. Vojtecha 1936
ISBN:(viaz.)
Vydanie:21. vyd.
Predmet:

MARC

LEADER 00000nam a2200000 a 4500
001 vtls008389021
003 SK-MaSNL
005 20260301075523.0
008 180812s1936 xo a g 000 0 slo
015 |a SKSNBA19191938-008477 
020 |a (viaz.) 
035 |a SK01SNKBSKHR20010081238 
035 |a SKM000083701 
040 |a SNK  |b slo  |c SNK  |e AACR2 
041 0 |a slo 
044 |a xo  |c SK 
072 7 |a 27  |x Kresťanstvo. Kresťanská cirkev všeobecne. Ekleziológia  |2 konspekt 
080 |a 272-534.35  |2 2001 
080 |a 27-584  |2 2001 
080 |a 272-184.3  |2 2001 
080 |a (0:82-97)  |2 2001 
080 |a (0:82-4)  |2 2001 
080 |a (035)  |2 2001 
245 0 0 |a Živý ruženec  |b na česť Matky Božej Panny Marie a k spaseniu veriacich  |c sostavil Richard Osvald 
250 |a 21. vyd. 
260 |a Trnava  |b Spolok sv. Vojtecha  |c 1936  |e Trnava  |f Kníhtlačiarne Spolku sv. Vojtecha 
300 |a 113 s.  |b ilustr.  |c 16 cm 
650 0 7 |a ruženec  |2 SNKPH  |9 1980 
650 0 7 |a duchovný život  |2 SNKPH  |9 1807 
650 0 7 |a katolícka viera  |2 SNKPH  |9 4023 
655 7 |a modlitby  |2 SNKPH  |9 70550 
655 7 |a úvahy  |2 SNKPH  |9 29403 
655 7 |a príručky  |2 SNKPH  |9 74364 
700 1 |a Osvald, František Richard,  |d 1845-1926  |4 com  |9 113010 
852 |a Univerzitná knižnica v Bratislave  |b 300000  |h SG 3459 
958 |a OND 
999 |c 650477  |d 652407 
952 |a SNK  |b SNK  |y PREZ  |7 0  |p 17A0583725  |o snkSD 77248  |i snk2008/6759  |8 3  |g 29.87  |0 0  |1 0  |4 0  |d 2008-03-20  |l 0  |r 2025-11-25 00:00:00  |w 2026-02-23